| 000 | 00599cam a2200181 4500 | ||
|---|---|---|---|
| 001 | WB3523-16 | ||
| 008 | 000000n1999 000 0 eng u | ||
| 035 | _a(Sirsi) u102501 | ||
| 245 | _aCBI backs government initiative. | ||
| 260 | _c1999 | ||
| 490 |
_aDETR News Release _v(563) 16 June 1999 (2) |
||
| 520 | _aThe first national guidelines to make it easier for business to respond to national commitments to reduce greenhouse gas emissions are published by government. | ||
| 650 | _aEMISSIONS | ||
| 650 | _aPOLLUTION | ||
| 650 |
_aENERGY _96237 |
||
| 690 |
_aEnvironment _96238 |
||
| 942 | _n0 | ||
| 999 |
_c61513 _d61513 |
||